Lecciones de periodismo televisivo / (Registro nro. 44486)

Detalles MARC
000 -LEADER
campo de control de longitud fija 03095cam a22005534i 4500
003 - IDENTIFICADOR DE NÚMERO DE CONTROL
campo de control PE-LiUPU
005 - FECHA Y HORA DE LA ÚLTIMA TRANSACCIÓN
campo de control 20250731165556.0
008 - DATOS DE LONGITUD FIJA--INFORMACIÓN GENERAL
campo de control de longitud fija 150625s2004 pe a rb 000 0 spa d
020 ## - NÚMERO INTERNACIONAL ESTÁNDAR DEL LIBRO
Número Internacional Estándar del Libro 9972426335
020 ## - NÚMERO INTERNACIONAL ESTÁNDAR DEL LIBRO
Número Internacional Estándar del Libro 9789972426339
035 ## - NÚMERO DE CONTROL DEL SISTEMA
Número de control de sistema (Sirsi) i9789972426339
040 ## - FUENTE DE CATALOGACIÓN
Centro catalogador/agencia de origen PE-LiUPU
Lengua de catalogación spa
Centro/agencia transcriptor PE-LiUPU
Normas de descripción rda
049 ## - FONDOS LOCALES (OCLC)
Biblioteca depositaria PRUA
082 04 - NÚMERO DE LA CLASIFICACIÓN DECIMAL DEWEY
Número de clasificación 070.1907
Cutter E92
Número de edición 21
100 1# - ENTRADA PRINCIPAL--NOMBRE DE PERSONA
Nombre de persona Estremadoyro Alegre, Julio,
Término indicativo de función/relación autor.
245 10 - MENCIÓN DEL TÍTULO
Título Lecciones de periodismo televisivo /
Mención de responsabilidad, etc. Julio Estremadoyro Alegre.
264 #1 - PRODUCCIÓN, PUBLICACIÓN, DISTRIBUCIÓN, FABRICACIÓN Y COPYRIGHT
Producción, publicación, distribución, fabricación y copyright Lima :
Nombre del de productor, editor, distribuidor, fabricante Fondo Editorial,
Fecha de producción, publicación, distribución, fabricación o copyright 2004.
300 ## - DESCRIPCIÓN FÍSICA
Extensión 292 páginas :
Otras características físicas ilustraciones ;
Dimensiones 23 centímetros.
336 ## - TIPO DE CONTENIDO
Término de tipo de contenido text
Fuente rdacontent
337 ## - TIPO DE MEDIO
Nombre/término del tipo de medio unmediated
Fuente rdamedia
338 ## - TIPO DE SOPORTE
Nombre/término del tipo de soporte volume
Fuente rdacarrier
490 0# - MENCIÓN DE SERIE
Mención de serie Coleción: Textos Universitarios. Serie Ciencias y artes dse la Comunicación. Periodismo
500 ## - NOTA GENERAL
Nota general " Glosario" : (A-V).
504 ## - NOTA DE BIBLIOGRAFÍA, ETC.
Nota de bibliografía, etc. Bibliografía: páginas 257-265.
505 0# - NOTA DE CONTENIDO CON FORMATO
Nota de contenido con formato Orígenes de la comunicación -- Dinámica de la comunicación periodística -- Teoría y práctica de la noticia y la información -- Breve historia de la televisión -- Conceptos básicos del medio televisivo -- Tecnología aplicada en la labor periodística -- Principios y generalidades del periodismo -- La dinámica de la búsqueda informativa -- La acción reporteril en la televisión -- Fundamentos de la información televisiva -- Técnica de los informes televisivos -- La información nacional e internacional -- Definición y características del noticiero -- Organización y personal de un noticiero -- El material informativo de un noticiero -- Calificación y selección del material disponible -- Edición de imágenes y audio -- Redacción del libreto del programa -- Distribución y modulación de las notas -- La narración del noticiero -- La producción televisiva -- Definición y características principales (de otros programas) -- Los programas pos producidos -- Los programas de conversación -- Satélites de comunicaciones, fibra óptica y televisión celular -- Internet y el ciberespacio -- La digitalización -- La televisión del futuro.
526 ## - NOTA DE INFORMACIÓN SOBRE EL PROGRAMA DE ESTUDIO
Nombre del programa Segunda Especialidad En Estadística Aplicada Para Investigación (A Distancia)
526 ## - NOTA DE INFORMACIÓN SOBRE EL PROGRAMA DE ESTUDIO
Nombre del programa Segunda Especialidad En Estadística Aplicada Para Investigación
526 ## - NOTA DE INFORMACIÓN SOBRE EL PROGRAMA DE ESTUDIO
Nombre del programa Ingeniería De Ciberseguridad
526 ## - NOTA DE INFORMACIÓN SOBRE EL PROGRAMA DE ESTUDIO
Nombre del programa Ingeniería De Ciencia De Datos E Inteligencia Artificial
526 ## - NOTA DE INFORMACIÓN SOBRE EL PROGRAMA DE ESTUDIO
Nombre del programa Ingeniería De Software
526 ## - NOTA DE INFORMACIÓN SOBRE EL PROGRAMA DE ESTUDIO
Nombre del programa
526 ## - NOTA DE INFORMACIÓN SOBRE EL PROGRAMA DE ESTUDIO
Nombre del programa Comunicación Y Periodismo
526 ## - NOTA DE INFORMACIÓN SOBRE EL PROGRAMA DE ESTUDIO
Nombre del programa Maestría En Ingeniería De Sistemas Con Mención En Dirección Y Gestión De Tecnologías De Información (Semipresencial)
526 ## - NOTA DE INFORMACIÓN SOBRE EL PROGRAMA DE ESTUDIO
Nombre del programa Maestría En Ingeniería De Sistemas Con Mención En Dirección Y Gestión De Tecnologías De Información (A Distancia)
526 ## - NOTA DE INFORMACIÓN SOBRE EL PROGRAMA DE ESTUDIO
Nombre del programa Doctorado en ingeniería de sistemas
526 ## - NOTA DE INFORMACIÓN SOBRE EL PROGRAMA DE ESTUDIO
Nombre del programa Maestría en ingeniería de sistemas con mención en Ingeniería de software
526 ## - NOTA DE INFORMACIÓN SOBRE EL PROGRAMA DE ESTUDIO
Nombre del programa Maestría en ingeniería de sistemas con mención en Dirección y gestión de tecnologías de información
526 ## - NOTA DE INFORMACIÓN SOBRE EL PROGRAMA DE ESTUDIO
Nombre del programa Ingeniería de sistemas
526 ## - NOTA DE INFORMACIÓN SOBRE EL PROGRAMA DE ESTUDIO
Nombre del programa Educación secundaria, especialidad matemática e informática
541 ## - NOTA DE FUENTE DE ADQUISICIÓN DIRECTA
-- 001-022801;
596 ## -
-- 1
650 04 - PUNTO DE ACCESO ADICIONAL DE MATERIA--TÉRMINO DE MATERIA
Término de materia o nombre geográfico como elemento de entrada Noticieros por televisión
Subdivisión general Enseñanza.
650 04 - PUNTO DE ACCESO ADICIONAL DE MATERIA--TÉRMINO DE MATERIA
Término de materia o nombre geográfico como elemento de entrada Periodismo por televisión.
910 ## - DATOS DE OPCIÓN DEL USUARIO (OCLC)
-- ksl
-- ksl
-- 20190522
942 ## - ELEMENTOS DE ENTRADA SECUNDARIOS (KOHA)
Fuente del sistema de clasificación o colocación Clasificación Decimal Dewey
Tipo de ítem Koha
949 ## - PROCESAMIENTO DE INFORMACIÓN LOCAL (OCLC)
a 070.1907 E92
w DEWEY
c 1
i 55624
d 2015-11-8
e 2015-11-6
l CCODEBUL1
m BUL
n 5
p 14.00
r 0
s Y
t BOOK
u 2015-6-25
x EDUCACION
-- P07
0 COMPRA
o .STAFF. Colección Ciencias Humanas y Educación
994 ## -
-- C0
-- PEPRU
999 ## - NÚMEROS DE CONTROL DE SISTEMA (KOHA)
-- DEWEY
-- 55624
-- 2019-9-8
-- 2021-11-8
-- 6
-- CCODEBUL1
-- BUL
-- 8
-- 14.00
-- 0
-- Y
-- BOOK
-- 2015-6-25
-- EDUCACION
-- P07
-- COMPRA
-- .STAFF. Colección Ciencias Humanas y Educación
980 ## - EQUIVALENCIA O REFERENCIA-CRUZADA-MENCIÓN DE SERIE--NOMBRE DE PERSONA/TÍTULO [LOCAL, CANADÁ]
ID del último usuario que modificó el registro 1
Nombre del último usuario que modificó el registro ALBERTO SANCHEZ Responsable de Automatización
Existencias
Visto por última vez Número de inventario Total de préstamos Signatura topográfica completa Código de barras Fecha del último préstamo Copia número Coste, precio de reemplazo Fecha de reemplazo Facultad Tipo de ítem Koha Nota pública Estado de pérdida Fuente del sistema de clasificación o colocación Restricciones de uso No para préstamo Colección Programa académico Biblioteca de origen Biblioteca actual Ubicación en estantería Fecha de adquisición Fuente de adquisición Coste, precio normal de compra
2025-12-02 7 8 070.1907 E92 55624 2019-09-08 e1 19.00 2015-06-25 FACIHED Libros físicos inventario-2023-12-13 No Perdido Clasificación Decimal Dewey No restringido Disponible para préstamos Colección General Ciencias de la comunicación Biblioteca CRAI UPeU Lima Biblioteca CRAI UPeU Lima Sala principal 2015-06-25 COMPRA 14.00